| 000 | 01473cam a22003857a 4500 | ||
|---|---|---|---|
| 003 | CHAP | ||
| 005 | 20220329140924.0 | ||
| 008 | 971013s1987 r 00010 d | ||
| 010 | _a59863 | ||
| 011 | _a60835 | ||
| 035 | _a64998 | ||
| 040 | _cCHAP | ||
| 090 | _aFolleto 14633 | ||
| 100 | 0 | 0 |
_aPozos Ponce, Fernando. _991211 |
| 245 | 1 | 3 |
_aEl impacto de la industrialización en las comunidades rurales _b: el caso de Atequiza, Jalisco (1920 - 1980) |
| 260 |
_aGuadalajara, Jal. : _bUniversidad de Guadalajara, _c1987 |
||
| 300 |
_a81 p. _b: ilus. |
||
| 490 | 0 |
_aCuadernos de difusión científica _v; 9. Ser. Estudios sociales; 1 |
|
| 590 |
_aBATCH-UPD _b10 _c20130110 _lUCH01 _h0012 |
||
| 590 |
_aBATCH-UPD _b10 _c20130110 _lUCH01 _h1122 |
||
| 590 |
_aBATCH-UPD _b10 _c20130409 _lUCH01 _h1949 |
||
| 590 |
_aBATCH-UPD _b10 _c20130410 _lUCH01 _h0712 |
||
| 590 |
_aBATCH-UPD _b10 _c20130914 _lUCH01 _h0052 |
||
| 590 |
_aCONVERSION _b10 _c20130109 _lUCH01 _h1332 |
||
| 650 | 1 | 4 |
_aAgricultura _xIndustrialización. _91560 |
| 650 | 1 | 4 |
_aIndustrialización. _957923 |
| 650 | 1 | 4 |
_aReforma agraria _xJalisco. _995559 |
| 650 | 1 | 4 |
_aTierras _xTenencia _xHistoria. _9113171 |
| 650 | 1 | 4 |
_aTierras _xTenencia _xJalisco. _9113176 |
| 830 | 0 |
_aCuadernos de difusión científica _v; 9. Ser. Estudios sociales; 1 _929766 |
|
| 901 | _aBK | ||
| 942 | _cFOLL | ||
| 949 |
_aFolleto 14633 _bBC _cFOLL _d-143691 _eTS1 _i64998 _si _t6.00 |
||
| 949 |
_aFolleto 14633 _bBC _cFOLL _d-143692 _eTS2 _fc.2 _i64998 _si _t6.00 |
||
| 999 |
_c59863 _d59863 |
||